Structure and selected properties of rapidly quenched nanocrystalline Fe-B based magnetic systems

Guardado en:
Detalles Bibliográficos
Autor principal: Janotová, Irena, 1983- (Autor)
Otros Autores: Švec, Peter, 1983- (xxx)
Formato: Manuscrito Libro
Lenguaje:inglés
Publicado: STU v Bratislave MTF UMAT, 2010
Materias:
Acceso en línea:VAIS
Etiquetas: Agregar Etiqueta
Sin Etiquetas, Sea el primero en etiquetar este registro!

MARC

LEADER 00000ntm a22000003a 4500
001 stu206716
005 20160719160309.9
008 100708s2010------------------------eng-d
040 |a STU  |b slo 
041 0 |a eng 
100 1 |a Janotová, Irena,  |d 1983-  |4 aut  |X 33625  |7 A000033625 
242 0 0 |a Štruktúra a vybrané vlastnosti rýchlo chladených nanokryštalických magnetických systémov na báze Fe-B  |y slo 
245 1 |a Structure and selected properties of rapidly quenched nanocrystalline Fe-B based magnetic systems 
260 |b STU v Bratislave MTF UMAT,  |c 2010 
650 7 |a amorfné materiály  |2 stusub 
700 1 |a Švec, Peter,  |d 1983-  |4 xxx  |X 10907  |7 A000010907 
856 4 |a info a plný text  |u http://is.stuba.sk/zp/portal_zp.pl?podrobnosti=75363  |3 VAIS 
996 |c M*DP-9102  |l MMSKP  |s P  |a 0  |w stu206716_0001